| 000 | 00791cam a22002291 4500 | ||
|---|---|---|---|
| 001 | af 47003060 | ||
| 003 | DLC | ||
| 005 | 20260227110817.0 | ||
| 008 | 800611s1944 fr abf b 000 0 fre c | ||
| 010 | _aaf 47003060 | ||
| 035 | _a(OCoLC)6410193 | ||
| 040 |
_aHarvard univ. Library _cTxCM _dOCoLC _dDLC |
||
| 042 | _apremarc | ||
| 050 | 0 | 0 |
_aQL696.P2 _bO55 |
| 100 | 1 | _aOlivier, Georges G. F. | |
| 245 | 1 | 0 |
_aMonographie des pies-grièches du genre Lanius. _cPréface de J. Berlioz ... |
| 260 |
_aRouen, _bLecerf, _c1944. |
||
| 300 |
_a4 p. l., [11]-326 p. _bcol. front., illus. (incl. maps) XIV (i.e. 17) pl. (part col.) double diagr. _c25 cm. |
||
| 500 | _aSome plates accompanied by leaves with explanatory letterpress. | ||
| 504 | _a"Bibliographie": p. [301]-317. | ||
| 650 | 0 | _aShrikes. | |
| 999 |
_c2003 _d2003 |
||